Words that begin with oct - Statistics

General Stats
  • This quiz has been taken 39 times
  • The average score is 4 of 8
Answer Stats
Hint Answer % Correct
Sea creature Octopus
100%
Month October
97%
Shape Octagon
86%
Set of notes Octave
54%
A full electron shell Octet
23%
Molecular geometry Octahedral
3%
Game Octoball
0%
Children's television show Octonauts
0%
No matching quizzes found
Score Distribution
Percent of People with Each Score
Percentile by Number Answered
Your Score History
You have not taken this quiz